MARC details
| 000 -CABECERA |
| campo de control de longitud fija |
01308nam a22003614i 4500 |
| 001 - NÚMERO DE CONTROL |
| campo de control |
991061597575106706 |
| 003 - IDENTIFICADOR DEL NÚMERO DE CONTROL |
| campo de control |
ES-BaIT |
| 005 - FECHA Y HORA DE LA ÚLTIMA TRANSACCIÓN |
| campo de control |
20260410111922.0 |
| 008 - DATOS DE LONGITUD FIJA--INFORMACIÓN GENERAL |
| campo de control de longitud fija |
260123e202511 spc||||| |||||0|| 0bspa|c |
| 020 ## - NÚMERO INTERNACIONAL ESTÁNDAR DEL LIBRO |
| Número Internacional Estándar del Libro |
9788491998143 |
| 040 ## - FUENTE DE LA CATALOGACIÓN |
| Centro catalogador/agencia de origen |
ES-BaUB |
| Lengua de catalogación |
cat |
| Normas de descripción |
rda |
| Centro/agencia transcriptor |
ES-BaUB |
| 041 1# - CÓDIGO DE LENGUA |
| Código de lengua del texto/banda sonora o título independiente |
spa |
| Código de lengua original |
eng |
| 080 ## - NÚMERO DE LA CLASIFICACIÓN DECIMAL UNIVERSAL |
| Número de la Clasificación Decimal Universal |
820-2"15"Marlowe, Christopher.07 |
| 080 ## - NÚMERO DE LA CLASIFICACIÓN DECIMAL UNIVERSAL |
| Número de la Clasificación Decimal Universal |
92:82 |
| 100 ## - ENTRADA PRINCIPAL--NOMBRE DE PERSONA |
| Nombre de persona |
Greenblatt, Stephen, |
| Fechas asociadas al nombre |
1943- |
| Término indicativo de función/relación |
autor |
| 9 (RLIN) |
134478 |
| 240 1# - TÍTULO UNIFORME |
| Título uniforme |
Dark Renaissance. |
| Lenguaje de la obra |
Castellà |
| 9 (RLIN) |
169210 |
| 245 13 - MENCIÓN DE TÍTULO |
| Título |
El Renacimiento oscuro : |
| Resto del título |
la turbulenta vida del gran rival de Shakespeare / |
| Mención de responsabilidad, etc. |
Stephen Greenblatt ; traducción castellana de Yolanda Fontal |
| 250 ## - MENCIÓN DE EDICIÓN |
| Mención de edición |
Primera edición |
| 264 #1 - PRODUCCIÓN, PUBLICACIÓN, DISTRIBUCIÓN, FABRICACIÓN Y COPYRIGHT |
| Producción, publicación, distribución, fabricación y copyright |
Madrid : |
| Nombre del de productor, editor, distribuidor, fabricante |
Editorial Crítica, |
| Fecha de producción, publicación, distribución, fabricación o copyright |
noviembre de 2025 |
| 300 ## - DESCRIPCIÓN FÍSICA |
| Extensión |
401 pàgines ; |
| Dimensiones |
24 cm |
| 336 ## - TIPO DE CONTENIDO |
| Término de tipo de contenido |
text |
| Código de tipo de contenido |
txt |
| Fuente |
rdacontent |
| 337 ## - TIPO DE MEDIO |
| Nombre/término del tipo de medio |
sense mediació |
| Código del tipo de medio |
n |
| Fuente |
rdamedia |
| 338 ## - TIPO DE SOPORTE |
| Nombre/término del tipo de soporte |
volum |
| Código del tipo de soporte |
nc |
| Fuente |
rdacarrier |
| 500 ## - NOTA GENERAL |
| Nota general |
Bibliografia. Índex |
| 600 #0 - PUNTO DE ACCESO ADICIONAL DE MATERIA--NOMBRE DE PERSONA |
| Nombre de persona |
Marlowe, Christopher, |
| Fechas asociadas al nombre |
1564-1593 |
| Subdivisión general |
Crítica i interpretació |
| Fuente del encabezamiento o término |
lemac |
| 9 (RLIN) |
135729 |
| 600 17 - PUNTO DE ACCESO ADICIONAL DE MATERIA--NOMBRE DE PERSONA |
| Nombre de persona |
Marlowe, Christopher, |
| Fechas asociadas al nombre |
1564-1593 |
| 9 (RLIN) |
31659 |
| 600 17 - PUNTO DE ACCESO ADICIONAL DE MATERIA--NOMBRE DE PERSONA |
| Nombre de persona |
Shakespeare, William, |
| Fechas asociadas al nombre |
1564-1616 |
| 9 (RLIN) |
46413 |
| 650 #0 - PUNTO DE ACCESO ADICIONAL DE MATERIA--TÉRMINO DE MATERIA |
| Término de materia o nombre geográfico como elemento de entrada |
Dramaturgs anglesos |
| Subdivisión cronológica |
S. XVI |
| Subdivisión de forma |
Biografia |
| 9 (RLIN) |
160053 |
| 700 1# - ENTRADA AGREGADA--NOMBRE PERSONAL |
| Nombre de persona |
Fontal, Yolanda |
| Término indicativo de función/relación |
traductor |
| 9 (RLIN) |
169211 |
| 908 ## - COLOCAR PARÁMETRO DE COMANDO (RLIN) |
| Colocar parámetro de comando |
UB |
| -- |
CDMAE |
| 940 ## - EQUIVALENCIA O REFERENCIA-CRUZADA--TÍTULO UNIFORME [OBSOLETO] [solamente CAN/MARC] |
| Título uniforme |
<a href="UB">UB</a> |
| 942 ## - ELEMENTOS DE ENTRADA AGREGADA (KOHA) |
| Fuente del sistema de clasificación o colocación |
Clasificación decimal universal |
| Tipo de ítem Koha |
Llibre |